000 00229nam a22000857a 4500
008 160630b xxu||||| |||| 00| 0 eng d
100 _91614
_a Kumar, J.N
245 _aMental Mathematics
260 _aNew Delhi
_b Rajshree Prakashan
_c1999
999 _c1337
_d1337